| 000 | 00366nam a2200133Ia 4500 | ||
|---|---|---|---|
| 008 | 220217s9999||||xx |||||||||||||| ||und|| | ||
| 020 | _a817-808-020-6 | ||
| 082 | _a005.43 NUT | ||
| 100 |
_aNutt, Gary _92047 |
||
| 245 | 0 | _aOperating systems projects: using windows NT | |
| 260 |
_aAddision wesley _bHarlow _c2000 |
||
| 300 | _b0 | ||
| 650 | _aOperating systems | ||
| 999 |
_c167995 _d167995 |
||